| 000 | 00717nam a2200217Ii 4500 | ||
|---|---|---|---|
| 003 | JO-AjNU | ||
| 008 | 230606s9999||||xx |||||||||||||| ||und|| | ||
| 020 | _a978-0-521-76192-5(hbk)/978-1-108-40388-7(pbk) | ||
| 040 |
_aJO-AjNU _beng _erda _cJO-AjNU |
||
| 041 | _aeng | ||
| 050 | 1 | 4 | _aP293.35.D34 2017 |
| 100 | 3 |
_aDehe, Nicole, _eauthor _95973 |
|
| 245 | 0 | 0 | _aparentheticals in spoken English: the Syntax-prosody Relation |
| 250 | _a1 ed | ||
| 264 | 3 | 1 | _aBRITISH: CMBRIDGE UNIVERSITY PRESS, 2017 |
| 300 | _a250p | ||
| 336 |
_atext _btxt _2rdacontent |
||
| 337 |
_aunmediated _bn _2rdamedia |
||
| 338 |
_avolume _bnc _2rdacarrier |
||
| 650 | 4 |
_aEnglish language-parenthetical construction-grammer comparative _95974 |
|
| 999 |
_aE3098 _c3095 _d3095 |
||